000 00464nam a2200181Ia 4500
001 11397
005 20260306162825.0
008 260306t2014||||xx |||||||||||||| ||spa||
041 _aESP
082 _a985.04
_bO664A
100 _aO'Phelan Godoy, Scarlett
_eAUT
245 0 _aLa independencia en los Andes:
_buna historia conectada
260 _c2014
300 _axvi, 373 páginas :
_c23 cm.
650 _aGEN
654 _aCHU
942 _cLIB
_dJUS
_fJUS
_2ddc
_n
999 _c11397
_d11397